000 00479nam a2200169Ia 4500
003 GCL
008 140319s9999 xx 000 0 ara d
040 _aGCL /
_cGCL
082 0 4 _a301.412
_bع ف
100 1 _aغارودى، روجيه
245 1 0 _aفى سبيل ارتقاء المرأة /
_cغارودى، روجيه
700 1 _aجلال مطرجى
300 _a167
490 _aكتاب
_v0
650 0 4 _aالمرأة فى الحياة العامة
942 _2ddc
_cBK
999 _c41215
_d41215